[Event "20th EUR-ch"]
[Site "Skopje MKD"]
[Date "2019.03.29"]
[Round "11"]
[White "Taleski, Vaso"]
[Black "Krstevski, Vladimir"]
[Result "0-1"]
[WhiteElo "1677"]
[BlackElo "1451"]
[EventDate "2019.03.18"]
[Board "170"]
[PlyCount "72"]

1.e4 d5 2.exd5 Qxd5 3.Nc3 Qd8 4.d4 c6 5.Nf3 Bf5 6.Bd3 Bxd3 7.Qxd3 Nf6 8.
O-O e6 9.Re1 Be7 10.Ng5 O-O 11.Nge4 Nxe4 12.Nxe4 Nd7 13.Re3 f5 14.Nd2 Rf6 
15.Qb3 Nb6 16.Rxe6 Kh8 17.Rxf6 Bxf6 18.c3 Qe7 19.Qd1 Re8 20.Nf3 Nd5 21.Bd2
h6 22.Qc2 Qd7 23.Re1 Rxe1+ 24.Nxe1 Qe6 25.Qd3 Bg5 26.Nf3 Bxd2 27.Qxd2 Nf6 
28.b3 Qe4 29.h3 Qb1+ 30.Kh2 Ne4 31.Qf4 Nxf2 32.Nd2 Qh1+ 33.Kg3 Nd1 34.Nf1 
Nxc3 35.Qxf5 Ne2+ 36.Kf2 Qxf1+ 0-1